Windows 3.1 made easy / (Record no. 133408)

MARC details
000 -LEADER
fixed length control field 00712nam a22002417a 4500
005 - DATE AND TIME OF LATEST TRANSACTION
control field 20170124110209.0
010 ## - LIBRARY OF CONGRESS CONTROL NUMBER
LC control number A-853599
020 ## - INTERNATIONAL STANDARD BOOK NUMBER
Terms of availability 00.00
035 ## - SYSTEM CONTROL NUMBER
System control number A-853599
037 ## - SOURCE OF ACQUISITION
Source of stock number/acquisition Cen Lib/Ret
040 ## - CATALOGING SOURCE
Original cataloging agency DPL
Language of cataloging EN
082 ## - DEWEY DECIMAL CLASSIFICATION NUMBER
Classification number 005.43
Item number SHE
100 ## - MAIN ENTRY--PERSONAL NAME
Personal name Sheldon, Tom
9 (RLIN) 2827
245 ## - TITLE STATEMENT
Title Windows 3.1 made easy /
Statement of responsibility, etc by Tom Sheldon
260 ## - PUBLICATION, DISTRIBUTION, ETC. (IMPRINT)
Place of publication, distribution, etc New Delhi
Name of publisher, distributor, etc Tata McGraw Hill Publishing
Date of publication, distribution, etc 1992
270 ## - ADDRESS
Address 4/12, Asaf Ali Road
City New Delhi
Postal code 110002
300 ## - PHYSICAL DESCRIPTION
Extent xxiii,502p. :
Dimensions 23cm(Hb)
Other physical details ill.
500 ## - GENERAL NOTE
General note Includes index
650 ## - SUBJECT ADDED ENTRY--TOPICAL TERM
Topical term or geographic name as entry element Windows (Computer programs)
9 (RLIN) 37060
650 ## - SUBJECT ADDED ENTRY--TOPICAL TERM
Topical term or geographic name as entry element Microsoft Windows (Computer file)
9 (RLIN) 37875
700 ## - ADDED ENTRY--PERSONAL NAME
9 (RLIN) 37801
942 ## - ADDED ENTRY ELEMENTS (KOHA)
Source of classification or shelving scheme Dewey Decimal Classification
Koha item type English Books
Classification part 005.43
Call number suffix SHE
Holdings
Withdrawn status Lost status Damaged status Not for loan Home library Current library Date acquired Source of acquisition Cost, normal purchase price Total Checkouts Full call number Barcode Date last seen Copy number Cost, replacement price Price effective from Koha item type Source of classification or shelving scheme Collection code Shelving location
        Central Library Central Library 25/07/2015 Cen Lib/Ret 0.00   005.43 SHE A-853599 25/07/2015 1 0.00 25/07/2015 English Books      
      Ordered Sarojini Nagar Sarojini Nagar 27/01/2017       005.43 SHE A-853607 27/01/2017 1   27/01/2017 English Books Dewey Decimal Classification Non-fiction On Display

© Delhi Public Library
Hit Counter
free hit counter